Tax aspects of acquisitions and mergers /

Bibliographic Details
Other Authors: Cooke, Philip, Beek, Jan M. van der
Format: Book
Language:English
Published: Deventer, The Netherlands ; Boston : Kluwer ; 1980.
Subjects:

MARC

Tag First Indicator Second Indicator Subfields
LEADER 00000pam a2200000 a 4500
001 in00000081954
005 20151008055435.0
008 800820s1980 ne 00000 engm
010 |a  80023375  
020 |a 9020006290 
035 |a (OCoLC)06708898 
035 |9 AAJ3471AM 
040 |a DLC  |c DLC  |d m.c.  |d TXA  |d UtOrBLW 
049 |a TXAM  |c [933056] 
050 0 0 |a K4558.M47  |b T38 
082 0 |a 343.06/7  |2 19 
245 0 0 |a Tax aspects of acquisitions and mergers /  |c edited by Philip Cooke, Jan M. van der Beek. 
264 1 |a Deventer, The Netherlands ;  |a Boston :  |b Kluwer ;  |c 1980. 
264 2 |a Hingham, MA :  |b Distribution in USA and Canada, Kluwer Law and Taxation, 
300 |a 148 pages ;  |c 24 cm. 
336 |a text  |b txt  |2 rdacontent 
337 |a unmediated  |b n  |2 rdamedia 
338 |a volume  |b nc  |2 rdacarrier 
650 0 |a Consolidation and merger of corporations  |x Taxation. 
700 1 |a Cooke, Philip. 
700 1 |a Beek, Jan M. van der. 
999 |a MARS 
999 f f |s c9a62b00-65ef-353d-bee3-af80f1a78cf0  |i 8cd51640-f618-3004-a114-604d761e26fc  |t 0 
952 f f |p ric  |a Texas A&M University  |b Rellis Campus  |c Joint Library Facility  |d Remote Storage  |t 0  |e K4558.M47 T38  |h Library of Congress classification  |i unmediated -- volume  |m A14806154260 
998 f f |a K4558.M47 T38  |t 0  |l Remote Storage